[Event "AUTO-ADV-3452"]
[Site "http://www.queenalice.com/game.php?id=1370875"]
[Date "2015.7.11"]
[Round "1"]
[White "metalchurch"]
[Black "BlackKnight72"]
[Result "0-1"]
[WhiteElo "1608"]
[BlackElo "1764"]

1. e4 c5 2. Nf3 Nc6 3. Nc3 d6 4. d3 Nf6 5. Be2 e6 6. O-O Be7 7. h3 O-O 8. a3 a6
9. Bg5 h6 10. Bxf6 Bxf6 11. Qd2 b5 12. b4 cxb4 13. axb4 Nxb4 14. d4 Nc6 15. Nxb5
Bd7 16. Nxd6 Qc7 17. e5 Be7 18. Nc4 a5 19. Kh2 a4 20. Ra3 Bxa3 21. Nxa3 Rfb8 0-1

[Event "AUTO-ADV-3452"]
[Site "http://www.queenalice.com/game.php?id=1370876"]
[Date "2015.7.11"]
[Round "1"]
[White "BlackKnight72"]
[Black "metalchurch"]
[Result "1-0"]
[WhiteElo "1753"]
[BlackElo "1619"]

1. e4 e5 2. Nf3 Nc6 3. Bb5 Nge7 4. d3 a6 5. Bxc6 Nxc6 6. Nc3 Bb4 7. Bd2 h6 8.
O-O O-O 9. a3 Bxc3 10. Bxc3 d6 11. h3 f6 12. Nh2 f5 13. exf5 Rxf5 14. Ng4 h5 15.
Ne3 Rf8 16. Qxh5 Qe8 17. Qxe8 Rxe8 18. Nd5 Ra7 19. Nxc7 Rf8 20. Nd5 b5 21. Ne3
Raf7 22. f3 Rf6 23. Nd5 1-0

[Event "AUTO-ADV-3452"]
[Site "http://www.queenalice.com/game.php?id=1370877"]
[Date "2015.7.11"]
[Round "1"]
[White "metalchurch"]
[Black "clovis"]
[Result "0-1"]
[WhiteElo "1729"]
[BlackElo "1999"]

1. e4 e5 2. Nf3 Nc6 3. Nc3 Nf6 4. Bb5 Bc5 5. h3 d6 6. Bxc6+ bxc6 7. O-O O-O 8.
d3 Be6 9. Bg5 h6 10. Bxf6 Qxf6 11. a3 Rad8 12. Qe2 Qf4 13. g3 Qxg3+ 14. Kh1
Qxh3+ 15. Kg1 Bg4 0-1

[Event "AUTO-ADV-3452"]
[Site "http://www.queenalice.com/game.php?id=1370878"]
[Date "2015.7.11"]
[Round "1"]
[White "clovis"]
[Black "metalchurch"]
[Result "1-0"]
[WhiteElo "1922"]
[BlackElo "1724"]

1. e4 e5 2. Bc4 Nf6 3. Nc3 Nc6 4. Nf3 h6 5. O-O Bb4 6. d4 exd4 7. Nxd4 Bxc3 8.
bxc3 d6 9. Nxc6 bxc6 10. e5 dxe5 11. Ba3 Qxd1 12. Raxd1 Nd7 13. Rfe1 f6 14. f4
Bb7 15. Be6 O-O-O 16. fxe5 fxe5 17. Be7 Rdg8 18. Rxd7 Re8 19. Rd8# 1-0

[Event "AUTO-INT-3023"]
[Site "http://www.queenalice.com/game.php?id=1371151"]
[Date "2015.7.12"]
[Round "1"]
[White "kanibal"]
[Black "metalchurch"]
[Result "1-0"]
[WhiteElo "1550"]
[BlackElo "1593"]

1. d4 d6 2. Nf3 Nf6 3. Bg5 h6 4. Bxf6 exf6 5. h3 Nc6 6. e3 d5 7. Bb5 Bd7 8. O-O
a6 9. Bxc6 Bxc6 10. c3 Bd6 11. Nbd2 O-O 12. Nb3 Ba4 13. Qd3 Bb5 14. Qf5 Bxf1 15.
Rxf1 c6 16. Nc5 1-0

[Event "AUTO-INT-3023"]
[Site "http://www.queenalice.com/game.php?id=1371152"]
[Date "2015.7.12"]
[Round "1"]
[White "metalchurch"]
[Black "kanibal"]
[Result "0-1"]
[WhiteElo "1612"]
[BlackElo "1531"]

1. e4 e5 2. Nf3 d6 3. d3 Bg4 4. Be2 Bxf3 5. Bxf3 Be7 6. Nc3 Nf6 7. O-O O-O 8. h3
c6 9. a3 b5 10. Be3 Na6 11. d4 exd4 12. Bxd4 Nh5 13. Bxh5 c5 14. Be3 Bf6 15. Qd3
c4 0-1

[Event "AUTO-INT-3023"]
[Site "http://www.queenalice.com/game.php?id=1371165"]
[Date "2015.7.12"]
[Round "1"]
[White "renatomfelipe"]
[Black "metalchurch"]
[Result "1-0"]
[WhiteElo "1729"]
[BlackElo "1707"]

1. e4 e5 2. Nf3 Nc6 3. Nc3 Nf6 4. d3 d6 5. Bg5 Be7 6. Bxf6 Bxf6 7. Be2 O-O 8. h3
h6 9. g4 a6 10. Nd5 Nd4 11. Nxf6+ Qxf6 12. Nxd4 Bd7 13. Nf3 Rae8 14. Qd2 c5 15.
O-O-O Qe6 16. Kb1 d5 17. Nh4 d4 18. f4 exf4 19. Qxf4 1-0

[Event "AUTO-INT-3023"]
[Site "http://www.queenalice.com/game.php?id=1371166"]
[Date "2015.7.12"]
[Round "1"]
[White "metalchurch"]
[Black "renatomfelipe"]
[Result "0-1"]
[WhiteElo "1692"]
[BlackElo "1744"]

1. e4 e5 2. Nf3 d6 3. Nc3 Bg4 4. Be2 Bxf3 5. Bxf3 Nf6 6. d3 Nc6 7. O-O Nd4 8.
Bd2 Nxf3+ 9. Qxf3 h6 10. h3 g5 11. a3 Qd7 12. Qxf6 Rg8 13. Qf3 h5 14. Nd5 Be7
15. Qxh5 O-O-O 16. Qxf7 Rde8 17. Nxe7+ Kb8 18. Nc6+ Qxc6 19. Qc4 Qd7 20. Rae1 g4
0-1

[Event "AUTO-INT-3023"]
[Site "http://www.queenalice.com/game.php?id=1371173"]
[Date "2015.7.12"]
[Round "1"]
[White "Black_bishop"]
[Black "metalchurch"]
[Result "1-0"]
[WhiteElo "1968"]
[BlackElo "1668"]

1. b3 e5 2. Bb2 Nc6 3. e3 Nf6 4. Nf3 d6 5. h3 Be7 6. Bb5 Bd7 7. Bxc6 Bxc6 8. O-O
Bxf3 9. Qxf3 c6 10. c4 O-O 11. Nc3 d5 12. cxd5 cxd5 13. d4 e4 14. Qe2 a6 15.
Rac1 h6 16. Na4 b5 17. Nc5 Qd6 18. Nb7 Qb6 19. Nc5 b4 20. a4 a5 21. Rc2 Rfc8 22.
Rfc1 Rc7 23. Kh1 Rac8 24. g3 Bxc5 25. Rxc5 Rxc5 26. dxc5 Rxc5 27. Rxc5 Qxc5 28.
Bxf6 gxf6 29. Qb5 Qc1+ 30. Kg2 Qd1 31. Qxa5 Qxb3 32. Qd8+ Kg7 33. a5 Qc4 34. Qb6
b3 35. a6 b2 36. a7 Qc1 37. Qxb2 1-0

[Event "AUTO-INT-3023"]
[Site "http://www.queenalice.com/game.php?id=1371174"]
[Date "2015.7.12"]
[Round "1"]
[White "metalchurch"]
[Black "Black_bishop"]
[Result "0-1"]
[WhiteElo "1672"]
[BlackElo "1964"]

1. d4 d5 2. Nf3 g6 3. e3 Bg4 4. Be2 Bxf3 5. Bxf3 Bg7 6. Nc3 c6 7. O-O Nf6 8. h3
O-O 9. a3 Nbd7 10. e4 Nxe4 11. Nxe4 dxe4 12. Bxe4 Nf6 13. Bf3 Nd5 14. c3 e5 15.
dxe5 Bxe5 16. g3 f5 17. Qb3 b6 18. c4 Nf6 19. c5+ Nd5 20. Rd1 Qc7 21. cxb6 Qxb6
22. Qxb6 axb6 23. Bxd5+ cxd5 24. Rxd5 Bg7 25. Rb1 Rad8 26. Rxd8 Rxd8 27. b4 Rd1+
28. Kg2 Bh6 29. f4 Bg7 30. Kf2 Bd4+ 31. Ke2 Rh1 32. h4 h5 33. Kd3 Bf2 34. Kc2
Bxg3 35. Be3 Rxb1 36. Kxb1 b5 37. a4 bxa4 0-1

[Event "Challenge"]
[Site "http://www.queenalice.com/game.php?id=1371771"]
[Date "2015.7.15"]
[Round "-"]
[White "metalchurch"]
[Black "Canaye"]
[Result "0-1"]
[WhiteElo "1720"]
[BlackElo "1920"]

1. e4 e6 2. Nc3 d5 3. d3 d4 4. Nb1 c5 5. c3 Nc6 6. Nf3 Nf6 7. c4 b5 8. cxb5 Qa5+
9. Bd2 Qxb5 10. b3 Be7 11. Be2 O-O 12. O-O Nb4 13. Bxb4 Qxb4 14. a3 Qb6 15. Nbd2
Ba6 16. Nc4 Bxc4 17. bxc4 h6 18. Rb1 Qc7 19. h3 g5 20. Qb3 Rab8 21. Qc2 g4 22.
hxg4 Rxb1 23. Rxb1 Nxg4 24. g3 h5 25. Nh2 Nxh2 26. Kxh2 Kg7 27. Bxh5 Rh8 28. Qe2
Qe5 29. Qg4+ Kf8 30. Kg2 Rxh5 31. Rb8+ Qxb8 32. Qxh5 Ke8 33. f4 Qb2+ 34. Kf3
Qxa3 35. Ke2 Qb2+ 36. Ke1 Qc1+ 37. Qd1 Qe3+ 38. Qe2 Qxg3+ 39. Qf2 Qxf2+ 40. Kxf2
a5 41. Ke2 Bd8 42. Kd2 f6 43. Kc2 Kf7 44. Kb3 Kg6 45. Ka4 Kh5 46. Kb5 Bb6 47.
Ka4 Kg4 48. e5 fxe5 49. fxe5 Kf4 50. Ka3 Kxe5 51. Ka4 Kf4 52. Ka3 Ke3 53. Kb3
Kxd3 54. Ka4 e5 55. Ka3 e4 56. Kb2 Kd2 57. Kb1 e3 0-1

[Event "Challenge"]
[Site "http://www.queenalice.com/game.php?id=1378763"]
[Date "2015.8.20"]
[Round "-"]
[White "metalchurch"]
[Black "ledeon"]
[Result "0-1"]
[WhiteElo "1647"]
[BlackElo "2083"]

1. e4 e5 2. Nf3 Nc6 3. Nc3 Nf6 4. d3 Bc5 5. h3 d5 6. Bg5 dxe4 7. Nxe4 Be7 8. Be2
Nxe4 9. dxe4 Bxg5 10. Nxg5 Qxg5 11. Bg4 O-O 0-1